[Event "Bayern-chI Bank Hofmann 25th"]
[Site "Tegernsee"]
[Date "2022.11.10"]
[Round "6"]
[White "Hacker, Jonas"]
[Black "Lichtmannecker, Daniel"]
[Result "1-0"]
[WhiteElo "2462"]
[BlackElo "2083"]
[PlyCount "49"]
[EventDate "2022.11.05"]
[EventType "swiss"]
[EventRounds "9"]
[EventCountry "GER"]
[SourceTitle "CBM 211 Extra"]
[Source "ChessBase"]
[SourceDate "2023.01.31"]
[SourceVersion "1"]
[SourceVersionDate "2023.01.31"]
[SourceQuality "1"]

1. e4 e5 2. Nf3 Nf6 3. Nc3 Nc6 4. Bb5 Bd6 5. d3 h6 6. a3 0-0 7. Bc4 a6 8. g4 b5 9. Ba2 Bc5 10. g5 Ng4 11. Rf1 hxg5 12. h3 Nh6 13. Rg1 g4 14. hxg4 d6 15. Bxh6 gxh6 16. g5 Be6 17. Nd5 Ne7 18. Nxe7+ Qxe7 19. Nh4 Bxa2 20. Nf5 Qe6 21. Qh5 Kh7 22. g6+ Kg8 23. Nxh6+ Kg7 24. gxf7+ Kf6 25. Qg5# 1-0

[Event "Bayernliga U20 1819"]
[Site "Bayern"]
[Date "2019.01.26"]
[Round "5.1"]
[White "Lichtmannecker, Daniel"]
[Black "Leeb, Simon"]
[Result "1-0"]
[WhiteElo "2056"]
[BlackElo "2171"]
[PlyCount "77"]
[EventDate "2018.11.17"]
[EventType "team-tourn"]
[EventRounds "6"]
[EventCountry "GER"]
[SourceTitle "EXT 2022"]
[Source "ChessBase"]
[SourceDate "2021.10.06"]
[SourceVersion "1"]
[SourceVersionDate "2021.10.06"]
[SourceQuality "1"]
[WhiteTeam "Ergolding FC U20"]
[BlackTeam "Muenchen Suedost SK U20"]
[WhiteTeamCountry "GER"]
[BlackTeamCountry "GER"]

1. d4 d5 2. Nf3 Nf6 3. e3 c6 4. b3 Bf5 5. Bd3 Bxd3 6. Qxd3 Nbd7 7. Bb2 e6 8. Nbd2 Bd6 9. 0-0 0-0 10. e4 dxe4 11. Nxe4 Nxe4 12. Qxe4 Nf6 13. Qe2 Nd5 14. g3 Be7 15. c4 Nb6 16. Rad1 a5 17. a4 Qc7 18. Bc3 Rfd8 19. Qe5 Qxe5 20. Nxe5 Nd7 21. Nxd7 Rxd7 22. Rd2 Bf6 23. Rfd1 Kf8 24. Kf1 Ke7 25. Ke2 Kd8 26. Kd3 Kc7 27. Kc2 Kb6 28. f4 Rad8 29. Rd3 Ka6 30. R3d2 b5 31. axb5+ cxb5 32. Ra1 bxc4 33. bxc4 Bxd4 34. Rad1 e5 35. fxe5 Bxc3 36. Rxd7 Rxd7 37. Rxd7 Bxe5 38. Rxf7 Kb6 39. Rf5 1-0

[Event "GER-chT U14"]
[Site "Duesseldorf"]
[Date "2016.12.28"]
[Round "3.1"]
[White "Lichtmannecker, Daniel"]
[Black "Dietz, Florian"]
[Result "1-0"]
[WhiteElo "1791"]
[BlackElo "1893"]
[PlyCount "101"]
[EventDate "2016.12.27"]
[EventType "team-swiss"]
[EventRounds "7"]
[EventCountry "GER"]
[SourceTitle "EXT 2018"]
[Source "ChessBase"]
[SourceDate "2017.10.13"]
[SourceVersion "1"]
[SourceVersionDate "2017.10.13"]
[SourceQuality "1"]
[WhiteTeam "Ergolding U14"]
[BlackTeam "Halle Reideburger U14"]
[WhiteTeamCountry "GER"]
[BlackTeamCountry "GER"]

1. d4 Nf6 2. Nf3 c5 3. e3 g6 4. Nbd2 d6 5. b3 Bg7 6. Bb2 0-0 7. Bd3 Nc6 8. a3 a6 9. 0-0 b5 10. Re1 Bb7 11. Rc1 Rc8 12. Qe2 cxd4 13. exd4 Nd5 14. g3 Qb6 15. c4 bxc4 16. Nxc4 Qa7 17. Red1 Rfe8 18. Be4 Nf6 19. Bb1 Nd7 20. d5 Nce5 21. Nfxe5 Nxe5 22. Nxe5 Rxc1 23. Rxc1 dxe5 24. Bxe5 f6 25. Bf4 Bxd5 26. b4 e5 27. Be3 Qb7 28. Bd3 Ra8 29. Qc2 Be6 30. Qc6 Qxc6 31. Rxc6 Bd5 32. Rxa6 Rd8 33. Be2 Rc8 34. Ra5 Bb7 35. Ba6 Bxa6 36. Rxa6 f5 37. Bc5 f4 38. Kg2 g5 39. b5 h5 40. Rg6 Ra8 41. Rxg5 Rxa3 42. gxf4 exf4 43. Bd4 f3+ 44. Kg3 h4+ 45. Kxh4 Rd3 46. Rxg7+ Kh8 47. Rg4+ Kh7 48. Kh5 Rd1 49. Rf4 Rg1 50. Rf7+ Kg8 51. Rg7+ 1-0

[Event "Niederbayernliga 1516"]
[Site "Bayern"]
[Date "2016.04.10"]
[Round "9.6"]
[White "Kurz, Helmut"]
[Black "Lichtmannecker, Daniel"]
[Result "1/2-1/2"]
[WhiteElo "1718"]
[BlackElo "1731"]
[PlyCount "87"]
[EventDate "2015.10.11"]
[EventType "team-tourn"]
[EventRounds "9"]
[EventCountry "GER"]
[SourceTitle "EXT 2023"]
[Source "ChessBase"]
[SourceDate "2022.10.05"]
[SourceVersion "1"]
[SourceVersionDate "2022.10.05"]
[SourceQuality "1"]
[WhiteTeam "Landau Dingolfing"]
[BlackTeam "Ergolding"]
[WhiteTeamCountry "GER"]
[BlackTeamCountry "GER"]

1. d4 e6 2. Nf3 Nf6 3. Bf4 c5 4. c3 Nc6 5. e3 d5 6. Be2 Bd6 7. Bg3 0-0 8. Nbd2 Re8 9. Bxd6 Qxd6 10. 0-0 e5 11. dxe5 Nxe5 12. Nxe5 Qxe5 13. Bb5 Rd8 14. Nf3 Qc7 15. h3 a6 16. Bd3 b5 17. a3 Bb7 18. Rc1 Ne4 19. Qc2 Rd7 20. Rfd1 Rad8 21. Nd2 Qe5 22. Nxe4 dxe4 23. Be2 Rxd1+ 24. Rxd1 Rxd1+ 25. Qxd1 Qd5 26. Qxd5 Bxd5 27. Bg4 g6 28. Be2 Bb3 29. Kf1 Kg7 30. Ke1 Kf6 31. Bg4 Ke5 32. Bc8 a5 33. Ba6 Bc4 34. a4 Bd3 35. Bxb5 Bxb5 36. axb5 c4 37. Kd2 Kd6 38. b4 cxb3 39. c4 Kc5 40. Kc3 a4 41. f3 exf3 42. gxf3 g5 43. Kb2 h5 44. e4 1/2-1/2

[Event "GER-chT U12"]
[Site "Verden"]
[Date "2014.12.27"]
[Round "1.1"]
[White "Suvorov, Alexander1111"]
[Black "Lichtmannecker, Daniel"]
[Result "1-0"]
[WhiteElo "1857"]
[BlackElo "1518"]
[PlyCount "95"]
[EventDate "2014.12.27"]
[EventType "team-swiss"]
[EventRounds "7"]
[EventCountry "GER"]
[SourceTitle "EXT 2016"]
[Source "ChessBase"]
[SourceDate "2015.10.08"]
[SourceVersion "1"]
[SourceVersionDate "2015.10.08"]
[SourceQuality "1"]
[WhiteTeam "Porz SG"]
[BlackTeam "Ergolding"]
[WhiteTeamCountry "GER"]
[BlackTeamCountry "GER"]

1. d4 e6 2. Nf3 d5 3. c4 Nf6 4. Nc3 b6 5. cxd5 Nxd5 6. g3 Bb7 7. Bg2 Nd7 8. 0-0 Be7 9. Re1 0-0 10. Nxd5 exd5 11. Bf4 Nf6 12. Rc1 Bd6 13. Ne5 Nd7 14. Nxd7 Qxd7 15. Bxd6 Qxd6 16. Qd3 Rfd8 17. e3 c5 18. dxc5 bxc5 19. Qb5 Rab8 20. Qxc5 Qxc5 21. Rxc5 d4 22. Bxb7 Rxb7 23. exd4 Rxb2 24. Ra5 Rd2 25. Rxa7 R2xd4 26. Ree7 Rf8 27. a4 g6 28. Red7 Rxd7 29. Rxd7 Ra8 30. Rd4 Kg7 31. Kg2 Kf6 32. Kf3 Ke5 33. Rb4 Kd5 34. h4 h6 35. Ke3 f5 36. Rb6 Rg8 37. Kf3 Ke5 38. a5 g5 39. Rxh6 g4+ 40. Kg2 Ra8 41. a6 Ra7 42. Rb6 f4 43. gxf4+ Kxf4 44. Rb4+ Ke5 45. Ra4 Kf6 46. Kg3 Kf5 47. Ra5+ Kf6 48. Kxg4 1-0